Má cesta /

Hlavní autor: Uher, Jan, 1891-1942
Další autoři: Ranný, Emanuel, 1943-2022
Jazyk: Čeština
Vydáno: [Tišnov] : Sursum, 2001
Témata:
Externí odkaz: Digitalizovaný dokument
Fyzický popis: 77 s. : il., portrét ; 23 cm
Knihy
Uloženo v:
LEADER 01147nam a2200313 a 4500
001 000586736
003 CZ BrMZK
005 20111116101435.0
007 ta
008 020211s2001 xr g f cze d
015 |a cnb000889928 
020 |z 80-85799-92-6  |q (ch.) 
035 |a (OCoLC)51187332 
040 |a BOA001  |b cze 
072 7 |a 821.162.3-3  |x Česká próza  |2 Konspekt  |9 25 
080 |a 821.162.3-3  |2 MRF 
080 |a (0:82-3)  |2 MRF 
080 |a (0:82-4)  |2 MRF 
100 1 |a Uher, Jan,  |d 1891-1942  |7 jk01140614  |4 aut 
245 1 0 |a Má cesta /  |c Josef Uher ; [jako ilustrace byly použity grafické listy Emanuela Ranného] 
260 |a [Tišnov] :  |b Sursum,  |c 2001 
300 |a 77 s. :  |b il., portrét ;  |c 23 cm 
655 7 |a české prózy  |7 fd133972  |2 czenas 
655 7 |a črty  |7 fd133977  |2 czenas 
700 1 |a Ranný, Emanuel,  |d 1943-2022  |7 jn19990009963  |4 ill 
856 4 1 |u http://www.digitalniknihovna.cz/mzk/uuid/uuid:cb9a77d0-a01d-11e2-9a08-005056827e52  |y Digitalizovaný dokument  |x NDK 
910 |a BOA001  |b 2-1098.501 
990 |a BK 
996 6 |b 2610153702  |c 2-1098.501  |l MZK  |r Sklad / do 1 hodiny  |n 1  |p p.v.  |w 000586736  |u 000010  |a 1  |e BOA001  |j MZK50  |s P